| 000 | 01386cam a2200289 a 4500 | ||
|---|---|---|---|
| 003 | OSt | ||
| 005 | 20200729112500.0 | ||
| 008 | 070525s2006 ck ad r 001 0 spa d | ||
| 020 | _a9583390097 | ||
| 040 |
_aCO-BoPUJ _cCO-JMCR |
||
| 041 | 0 | _aspa | |
| 082 | 0 | 4 |
_a658.152 / _bC146o _221 |
| 100 | 1 |
_aCalderón Acevedo, Sergio _eautor _98059 |
|
| 245 | 1 | 0 |
_aOperaciones de tesorería / _cSergio Calderón Acevedo |
| 250 | _aPrimera edición | ||
| 260 |
_aBogotá : _bColegio de Estudios Superiores de Administración, _c2006. |
||
| 300 |
_a279 páginas : _bilustraciones, cuadros y gráficas ; _c24 cm. |
||
| 504 | _aIncluye referencias bibliográficas e índice. | ||
| 505 | 0 |
_tOpciones de liquidez. -- _tDescuento de valores. -- _tValoración a precios de mercado. -- _tOperaciones especulativas. -- _tInstrumentos de cobertura. -- _tAdministración de riesgo. |
|
| 520 | _aEl libro Operaciones de tesorería describe muchos de estos instrumentos, y guía al lector a través del proceso de descuento y de valoración a precios de mercado de los diferentes títulos (TES, bonos, aceptaciones, CDT, etc.) que son trasladados en el mercado público de valores. | ||
| 650 | 2 | 4 |
_aMercado de capitales _98060 |
| 650 | 2 | 4 |
_aMercado de valores _95874 |
| 650 | 2 | 4 |
_aInversiones _98061 |
| 650 | 2 | 4 |
_aRiesgo (Finanzas) _98062 |
| 650 | 2 | 4 |
_aAdministración de riesgos _98063 |
| 942 |
_2ddc _cBK |
||
| 999 |
_c6770 _d6770 |
||